000
00258pab a2200109 454500
008
180718b xxu||||| |||| 00| 0 eng d
100
_a
Reddy, P.H
245
_a
Whiter demographic research?
650
_a
Population
773
_a
Financial Express
909
_a
22741
999
_c
22741
_d
22741